| 000 | 00784nam a2200229 a 4500 | ||
|---|---|---|---|
| 001 | 000031382 | ||
| 005 | 20240409073643.0 | ||
| 008 | 110620s1939 dr r 000 | eng d | ||
| 040 |
_aDO-SdBNP _bspa _cBNPHU |
||
| 041 | 0 | 7 | _aeng |
| 082 | _aF-RD 57 | ||
| 100 | 1 |
_aNanita, Abelardo R. _945855 |
|
| 245 | 1 | 0 |
_aTrujillo a full size portrait = Trujillo de cuerpo entero / _cAbelardo R. Nanita ; traducción al inglés M. A. Moore. |
| 250 | _a2a ed. rev. | ||
| 260 |
_aSantiago, República Dominicana : _bEditorial El Diario, _c1939. |
||
| 300 |
_a80 p. ; _c18 cm. |
||
| 546 | _aInglés | ||
| 600 | 1 | 0 |
_aTrujillo Molina, Rafael Leónidas, _d 1891-1961 _976764 |
| 740 | 0 | _aTrujillo de cuerpo entero | |
| 700 | 1 |
_aMoore, M. A., _etr. _957804 |
|
| 910 | _aValidado. Control de calidad EMS. | ||
| 999 |
_c30874 _d30874 |
||